Krajina, človek, kultúra : 2. celoslovenská konferencia s medzinárodnou účasťou : Banská Bystrica 2.-3. júna 1997 : zborník referátov /

Další autoři: Supuka, Ján, 1944-, Jančura, Peter, 1954-
Jazyk: Slovenština
Vydáno: Banská Bystrica : Dali, 1997
Vydání: Vyd. 1.
Témata:
Fyzický popis: 115 s. : il. ; 21 cm
Knihy
Uloženo v:
LEADER 01057nam a2200253 a 4500
001 000263751
003 CZ BrMZK
005 20100813092320.0
008 010907s1997 xo f slo d
020 |a 80-967637-5-X 
040 |a BOA001  |b cze 
080 |a 504.54(063)  |2 MRF 
245 0 0 |a Krajina, človek, kultúra :  |b 2. celoslovenská konferencia s medzinárodnou účasťou : Banská Bystrica 2.-3. júna 1997 : zborník referátov /  |c [editori: Ján Supuka, Peter Jančura] 
250 |a Vyd. 1. 
260 |a Banská Bystrica :  |b Dali,  |c 1997 
300 |a 115 s. :  |b il. ;  |c 21 cm 
500 |a Vyd. Slov. agentúra životného prostredia. - Text též angl. - Bibliogr. na konci někt. statí. - Souhrn angl. 
653 0 |a krajinná ekologie 
700 1 |a Supuka, Ján,  |d 1944-  |7 ola2003186226  |4 edt 
700 1 |a Jančura, Peter,  |d 1954-  |7 mzk2010591977  |4 edt 
910 |a BOA001  |b PK-0128.859 
964 |a Ekologie krajinná  |x sborníky 
990 |a BK 
996 7 |b 3119010294  |c PK-0128.859  |l MZK  |r Sklad / do 1 hodiny  |n 18  |p vým  |w 000263751  |u 000010  |a 1  |e BOA001  |j MZK50  |s A